Statistics for Word Scramble- MLB Teams

Click here to take the quiz!

General Stats

  • This quiz has been taken 42 times
  • The average score is 12 of 20

Answer Stats

Hint Unscrambled % Correct
seainrrmmariners
84%
sdnicrlaacardinals
82%
jabuylesblue jays
82%
oexsdrred sox
79%
mkdbiaacsodndiamondbacks
71%
oanastilnnationals
71%
lpliishephillies
68%
griesttigers
68%
sortasastros
63%
ecthatlsiathletics
58%
jabuyles2
50%
sortas10
50%
griest4
50%
seainrrm1
50%
oexsdr3
47%
lpliishe5
47%
ecthatlsi8
47%
mkdbiaacsodn9
47%
oanastiln6
47%
sdnicrlaa7
47%

Score Distribution

Percentile by Number Answered

Percent of People with Each Score

Your Score History

You have not taken this quiz